British Royal Titles and Noble Ranks - Statistics

General Stats
  • This quiz has been taken 422 times
  • The average score is 6 of 9
Answer Stats
Form of Oral Address Title (M) - (F) Formal Written Form of Address % Correct
Your Majesty King - Queen HM The King - HM The Queen
100%
Your Royal Highness Prince - Princess HRH the Prince/Princess of
98%
Your Grace Duke - Duchess His/Her Grace the Duke/Duchess of
89%
My Lord/My Lady Earl - Countess The Rt Hon the Earl/Countess of
69%
My Lord/My Lady Baron - Baroness The Rt Hon The Baron/Baroness of
61%
My Lord/My Lady Marquess/Marquis - Marchioness The Most Hon the Marquess/Marquis/Marchioness of
58%
My Lord/My Lady Viscount - Viscountess The Rt Hon the Viscount/Viscountess of
58%
Sir/Madam Knight - Dame/Lady Sir/Dame John/Jane Smith
45%
Sir/Madam Baronet - Baronetess Sir/Dame John/Jane Smith, Bt/Btss
35%
No matching quizzes found
Score Distribution
Percent of People with Each Score
Percentile by Number Answered
Your Score History
You have not taken this quiz